00698nam a2200241 a 4500001001300000003000900013005001700022008004100039020001000080082001700090100002000107245004700127260004000174300000900214500003500223505000900258650002200267700002000289902000800309942000700317952011700324999001500441nice12345678IN_TiNIC20260116011825.0050524s0000 chea grp 000 0 urd  ac10000a922.97bIQB4 aIqbal, Mohammad aBaang-E-Dara, Collection of the Urdu Poems aChennai bLilly Soosai Opset c0000 a366p aincludes index and biblioraphy2 aMaps aUrdu-Poetry-iqbal1 aIqbal, Mohammad bSRS cBK 001040708StackRoom-aHMIbHMId2007-06-06g100.00l0o922.97 IQB4p07054r2007-06-06v100.00w2005-05-24yBK c4224d4224